Supplement C - Economic Reform Monitor (Record no. 5942)

MARC details
000 -LEADER
fixed length control field 00534nas a22002057i 4500
001 - CONTROL NUMBER
control field 6347
003 - CONTROL NUMBER IDENTIFIER
control field OSt
005 - DATE AND TIME OF LATEST TRANSACTION
control field 20170216211008.0
007 - PHYSICAL DESCRIPTION FIXED FIELD--GENERAL INFORMATION
fixed length control field tu
008 - FIXED-LENGTH DATA ELEMENTS--GENERAL INFORMATION
fixed length control field 161220s xxu||||| |||| 00| 0 d
022 ## - INTERNATIONAL STANDARD SERIAL NUMBER
International Standard Serial Number 1027-2097
024 7# - OTHER STANDARD IDENTIFIER
Standard number or code 6347
Source of number or code RID
024 7# - OTHER STANDARD IDENTIFIER
Standard number or code 6347
Source of number or code RSN (alt)
040 ## - CATALOGING SOURCE
Transcribing agency OSt
110 2# - MAIN ENTRY--CORPORATE NAME
Corporate name or jurisdiction name as entry element European Commission - Directorate-General for Economic and Financial Affairs
245 00 - TITLE STATEMENT
Title Supplement C - Economic Reform Monitor
260 ## - PUBLICATION, DISTRIBUTION, ETC.
Place of publication, distribution, etc. Luxembourg :
Name of publisher, distributor, etc. European Communities.
490 ## - SERIES STATEMENT
Series statement European Economy
866 #0 - TEXTUAL HOLDINGS--BASIC BIBLIOGRAPHIC UNIT
-- 1998/1
942 ## - ADDED ENTRY ELEMENTS (KOHA)
Koha item type Paper
Holdings
Withdrawn status Lost status Damaged status Not for loan Home library Current library Shelving location Date acquired Inventory number Total Checkouts Barcode Date last seen Price effective from Koha item type
        WIIW WIIW Library 08/04/2004 6347   10001840 01/26/2017 01/26/2017 Paper
The Vienna Instiute for International Economic Studies (wiiw)